000 00401nam a22001697a 4500
005 20231103124509.0
008 231103b |||||||| |||| 00| 0 eng d
020 _a978-81-7192-068-6
041 _aeng
082 _a622.7
100 _aGHOSHAL, S.C
_98223
245 _aHANDBOOK ON SAMPLING OF ORES AND MINERALS
260 _aNAGPUR
_bDATTSONS
300 _a154;p
650 _aMINING
942 _cBK
999 _c8446
_d8444